[Event "FICGS class C 000078 email"]
[Site "FICGS email"]
[Date "2008.04.18"]
[Round "1"]
[White "Gomez, Jose Vicente"]
[Black "Wilson, Norman"]
[Result "0-1"]
[WhiteElo "1747"]
[BlackElo "1635"]
[PlyCount "36"]
[EventDate "2008.??.??"]
[EventType "tourn (corr)"]
[EventRounds "4"]
[SourceTitle "Corr 2022"]
[Source "ChessBase"]
[SourceDate "2021.10.24"]
[SourceVersion "1"]
[SourceVersionDate "2021.10.24"]
[SourceQuality "1"]

1. d4 d5 2. c4 e6 3. Nc3 Nf6 4. Nf3 c5 5. cxd5 Nxd5 6. e3 Nc6 7. Bd3 cxd4 8. exd4 Bd6 9. Nxd5 exd5 10. 0-0 0-0 11. Qc2 Bg4 12. Bxh7+ Kh8 13. Bg5 f6 14. Be3 Bxf3 15. gxf3 f5 16. Bxf5 Qh4 17. Rfe1 Qxh2+ 18. Kf1 Rae8 0-1

[Event "FICGS class C 000078 email"]
[Site "FICGS email"]
[Date "2008.04.18"]
[Round "1"]
[White "Pech, Jaroslav Sr"]
[Black "Gomez, Jose Vicente"]
[Result "1-0"]
[WhiteElo "1734"]
[BlackElo "1747"]
[PlyCount "23"]
[EventDate "2008.??.??"]
[EventType "tourn (corr)"]
[EventRounds "4"]
[SourceTitle "Corr 2022"]
[Source "ChessBase"]
[SourceDate "2021.10.24"]
[SourceVersion "1"]
[SourceVersionDate "2021.10.24"]
[SourceQuality "1"]

1. e4 e5 2. Nf3 Nc6 3. Bb5 a6 4. Ba4 Nf6 5. 0-0 Be7 6. Re1 b5 7. Bb3 d6 8. c3 0-0 9. h3 Bb7 10. d4 Re8 11. Nbd2 Bf8 12. a4 1-0

[Event "FICGS W-ch st1 g15 email"]
[Site "FICGS email"]
[Date "2008.01.08"]
[Round "1"]
[White "Gomez, Jose Vicente"]
[Black "Borisovs, Leonids"]
[Result "0-1"]
[WhiteElo "1834"]
[BlackElo "2134"]
[PlyCount "94"]
[EventDate "2008.??.??"]
[EventType "tourn (corr)"]
[EventRounds "8"]
[SourceTitle "Corr 2022"]
[Source "ChessBase"]
[SourceDate "2021.10.24"]
[SourceVersion "1"]
[SourceVersionDate "2021.10.24"]
[SourceQuality "1"]

1. d4 Nf6 2. c4 g6 3. Nf3 Bg7 4. Nc3 0-0 5. Bg5 d6 6. e3 c5 7. Be2 h6 8. Bh4 cxd4 9. Nxd4 Nc6 10. 0-0 Bd7 11. Qd2 Rc8 12. f3 a6 13. Rad1 Ne5 14. b3 Nc6 15. f4 Re8 16. Nc2 Bf5 17. Bxf6 Bxf6 18. Nd5 Bg7 19. Bf3 Bxc2 20. Qxc2 e6 21. Nc3 d5 22. Nb1 Qb6 23. Rfe1 Nb4 24. Qe2 dxc4 25. bxc4 e5 26. a3 Nc6 27. fxe5 Rxe5 28. Bd5 Rce8 29. Qf3 Rf5 30. Qh3 Ne5 31. Qg3 Nd7 32. Nd2 Be5 33. Qg4 Bxh2+ 34. Kxh2 Rh5+ 35. Qxh5 gxh5 36. Ne4 Ne5 37. c5 Ng4+ 38. Kg1 Qc7 39. Nd6 Rxe3 40. Bxf7+ Kh7 41. Rxe3 Nxe3 42. Re1 Qxc5 43. Ne4 Qd4 44. Nf2 Qc3 45. Rxe3 Qxe3 46. Kf1 Qc1+ 47. Ke2 Qb2+ 0-1

[Event "FICGS W-ch st1 g15 email"]
[Site "FICGS email"]
[Date "2008.01.08"]
[Round "1"]
[White "Gomez, Jose Vicente"]
[Black "Cirulis, Ilmars"]
[Result "1-0"]
[WhiteElo "1834"]
[BlackElo "1562"]
[PlyCount "29"]
[EventDate "2008.??.??"]
[EventType "tourn (corr)"]
[EventRounds "8"]
[SourceTitle "Corr 2022"]
[Source "ChessBase"]
[SourceDate "2021.10.24"]
[SourceVersion "1"]
[SourceVersionDate "2021.10.24"]
[SourceQuality "1"]

1. d4 d5 2. c4 e6 3. Nf3 Bb4+ 4. Nc3 Nf6 5. Bg5 0-0 6. e3 h6 7. Bh4 Nc6 8. Ne5 Be7 9. Nxc6 bxc6 10. Bd3 Rb8 11. cxd5 e5 12. dxe5 Nxd5 13. Bxe7 Qxe7 14. Qc2 Nb4 15. Bh7+ 1-0

[Event "FICGS W-ch st1 g15 email"]
[Site "FICGS email"]
[Date "2008.01.08"]
[Round "1"]
[White "Gomez, Jose Vicente"]
[Black "Mach, Jiri"]
[Result "0-1"]
[WhiteElo "1834"]
[BlackElo "903"]
[PlyCount "56"]
[EventDate "2008.??.??"]
[EventType "tourn (corr)"]
[EventRounds "8"]
[SourceTitle "Corr 2022"]
[Source "ChessBase"]
[SourceDate "2021.10.24"]
[SourceVersion "1"]
[SourceVersionDate "2021.10.24"]
[SourceQuality "1"]

1. d4 Nf6 2. c4 c5 3. d5 e6 4. Nc3 exd5 5. cxd5 d6 6. Nf3 g6 7. e4 Bg7 8. h3 0-0 9. Bd3 Re8 10. 0-0 c4 11. Bc2 b5 12. Nxb5 Nxe4 13. Re1 Nxf2 14. Kxf2 Rxe1 15. Qxe1 Qb6+ 16. Nfd4 Bxd4+ 17. Nxd4 Qxd4+ 18. Qe3 Qf6+ 19. Kg1 Nd7 20. Qe8+ Kg7 21. Qe4 Ne5 22. Qe3 Bb7 23. Qh6+ Kg8 24. Bg5 Qg7 25. Qh4 Nd7 26. Bh6 Qe5 27. Re1 Qxd5 28. Qf2 Nc5 0-1

[Event "FICGS W-ch st1 g15 email"]
[Site "FICGS email"]
[Date "2008.01.08"]
[Round "1"]
[White "Richardson, Patrick"]
[Black "Gomez, Jose Vicente"]
[Result "0-1"]
[WhiteElo "1537"]
[BlackElo "1834"]
[PlyCount "72"]
[EventDate "2008.??.??"]
[EventType "tourn (corr)"]
[EventRounds "8"]
[SourceTitle "Corr 2022"]
[Source "ChessBase"]
[SourceDate "2021.10.24"]
[SourceVersion "1"]
[SourceVersionDate "2021.10.24"]
[SourceQuality "1"]

1. d4 Nf6 2. c4 g6 3. Nc3 Bg7 4. e4 d6 5. Nf3 0-0 6. Be2 e5 7. 0-0 c6 8. Re1 Na6 9. Bf1 Bg4 10. d5 c5 11. h3 Bd7 12. Be3 Nh5 13. g3 Nc7 14. a3 a5 15. Nh2 Nf6 16. Bg5 h6 17. Be3 Qc8 18. Qd2 Bxh3 19. Bxh3 Qxh3 20. b3 Nh7 21. Ra2 f5 22. exf5 gxf5 23. Rc2 b6 24. Na4 b5 25. Nxc5 dxc5 26. Bxc5 Rfc8 27. Bd6 e4 28. Bxc7 Rxc7 29. d6 Rf7 30. Qd5 Rd8 31. cxb5 Ng5 32. Re3 Bf8 33. Rc6 Kh8 34. Qe5+ Bg7 35. Qd5 Bb2 36. b4 Rg7 0-1

[Event "FICGS rapid B 000076 email"]
[Site "FICGS email"]
[Date "2007.11.26"]
[Round "1"]
[White "Gomez, Jose Vicente"]
[Black "Alvarez, David"]
[Result "0-1"]
[WhiteElo "1730"]
[BlackElo "1700"]
[PlyCount "38"]
[EventDate "2007.??.??"]
[EventType "tourn (rapid)"]
[EventRounds "6"]
[SourceTitle "Corr 2022"]
[Source "ChessBase"]
[SourceDate "2021.10.24"]
[SourceVersion "1"]
[SourceVersionDate "2021.10.24"]
[SourceQuality "1"]

1. Nf3 Nf6 2. c4 g6 3. Nc3 Bg7 4. d4 0-0 5. g3 d6 6. Bg2 Nc6 7. 0-0 e5 8. d5 Na5 9. Nd2 c5 10. b3 a6 11. Bb2 Rb8 12. Qc2 b5 13. Rae1 bxc4 14. bxc4 Nd7 15. Nd1 Qb6 16. Bc3 f5 17. Ne3 f4 18. gxf4 exf4 19. Ng4 h5 0-1

[Event "FICGS rapid B 000076 email"]
[Site "FICGS email"]
[Date "2007.11.26"]
[Round "1"]
[White "Tomlin, Lincoln"]
[Black "Gomez, Jose Vicente"]
[Result "1-0"]
[WhiteElo "1700"]
[BlackElo "1730"]
[PlyCount "89"]
[EventDate "2007.??.??"]
[EventType "tourn (rapid)"]
[EventRounds "6"]
[SourceTitle "Corr 2022"]
[Source "ChessBase"]
[SourceDate "2021.10.24"]
[SourceVersion "1"]
[SourceVersionDate "2021.10.24"]
[SourceQuality "1"]

1. e4 e5 2. Nf3 Nf6 3. Nxe5 d6 4. Nf3 Nxe4 5. Nc3 Nxc3 6. dxc3 Be7 7. Bc4 Nc6 8. Be3 0-0 9. Qd3 Na5 10. 0-0-0 Nxc4 11. Qxc4 Re8 12. Rhe1 Be6 13. Qf4 c6 14. a3 d5 15. Qg3 c5 16. Ng5 Bxg5 17. Bxg5 f6 18. Be3 Rc8 19. f3 Qd7 20. h4 Bf5 21. Qf4 b5 22. g4 Be6 23. g5 Rf8 24. h5 fxg5 25. Qxg5 Rxf3 26. h6 g6 27. Bg1 Rf5 28. Qe3 Bf7 29. Qd3 Qc6 30. Re7 a6 31. Rde1 Qf6 32. Ra7 Qd6 33. Kb1 Re5 34. Rf1 Re7 35. Rxe7 Qxe7 36. Qf3 a5 37. Qf2 Rc6 38. Qf4 Rc7 39. Bf2 Rc8 40. Re1 Qf8 41. Qg5 Qd6 42. Bg3 Qf8 43. Re7 d4 44. Be5 Rc6 45. Rd7 1-0

[Event "FICGS class C 000061 email"]
[Site "FICGS email"]
[Date "2007.10.07"]
[Round "1"]
[White "Gomez, Jose Vicente"]
[Black "Lemay, Simon"]
[Result "1-0"]
[WhiteElo "1653"]
[BlackElo "1600"]
[PlyCount "33"]
[EventDate "2007.??.??"]
[EventType "tourn (corr)"]
[EventRounds "4"]
[SourceTitle "Corr 2022"]
[Source "ChessBase"]
[SourceDate "2021.10.24"]
[SourceVersion "1"]
[SourceVersionDate "2021.10.24"]
[SourceQuality "1"]

1. e4 c5 2. Nc3 e6 3. Nf3 Nc6 4. d4 cxd4 5. Nxd4 Nf6 6. Nxc6 bxc6 7. e5 Nd5 8. Nxd5 cxd5 9. Qd4 Qc7 10. Bd3 d6 11. exd6 Bxd6 12. Qxg7 Rf8 13. Bh6 Bb7 14. Qxh7 Kd7 15. Bb5+ Bc6 16. Bxf8 Bxb5 17. Qxf7+ 1-0

[Event "FICGS rapid B 000069 email"]
[Site "FICGS email"]
[Date "2007.10.02"]
[Round "1"]
[White "Cridland, Graham M"]
[Black "Gomez, Jose Vicente"]
[Result "0-1"]
[WhiteElo "1524"]
[BlackElo "1653"]
[PlyCount "36"]
[EventDate "2007.??.??"]
[EventType "tourn (rapid)"]
[EventRounds "6"]
[SourceTitle "Corr 2022"]
[Source "ChessBase"]
[SourceDate "2021.10.24"]
[SourceVersion "1"]
[SourceVersionDate "2021.10.24"]
[SourceQuality "1"]

1. d4 Nf6 2. c4 Nc6 3. g3 d5 4. Bg2 e6 5. Nf3 dxc4 6. 0-0 Nd5 7. a4 Bb4 8. Na3 Na5 9. Ne5 Nb6 10. e3 c5 11. Qg4 0-0 12. dxc5 Nb3 13. cxb6 Nxa1 14. Naxc4 f5 15. Qh5 axb6 16. Rd1 Qc7 17. e4 Rxa4 18. Bf4 Nb3 0-1

[Event "FICGS rapid B 000069 email"]
[Site "FICGS email"]
[Date "2007.10.02"]
[Round "1"]
[White "Lemay, Simon"]
[Black "Gomez, Jose Vicente"]
[Result "0-1"]
[WhiteElo "1600"]
[BlackElo "1653"]
[PlyCount "40"]
[EventDate "2007.??.??"]
[EventType "tourn (rapid)"]
[EventRounds "6"]
[SourceTitle "Corr 2022"]
[Source "ChessBase"]
[SourceDate "2021.10.24"]
[SourceVersion "1"]
[SourceVersionDate "2021.10.24"]
[SourceQuality "1"]

1. d4 Nf6 2. c4 d5 3. Nc3 e6 4. e3 c5 5. Nf3 Nc6 6. a3 cxd4 7. Nxd4 Bc5 8. cxd5 exd5 9. Nb3 Bb6 10. Bb5 0-0 11. 0-0 a6 12. Bd3 Qd6 13. Qc2 Ng4 14. g3 Nce5 15. Bxh7+ Kh8 16. Bd3 Nxh2 17. Kg2 Nxf1 18. Kxf1 Qh6 19. Ke2 Bg4+ 20. Kd2 Nf3+ 0-1

[Event "FICGS rapid B 000063 email"]
[Site "FICGS email"]
[Date "2007.08.14"]
[Round "1"]
[White "Behrmann, Klaus"]
[Black "Gomez, Jose Vicente"]
[Result "0-1"]
[WhiteElo "1650"]
[BlackElo "1600"]
[PlyCount "70"]
[EventDate "2007.??.??"]
[EventType "tourn (rapid)"]
[EventRounds "6"]
[SourceTitle "Corr 2022"]
[Source "ChessBase"]
[SourceDate "2021.10.24"]
[SourceVersion "1"]
[SourceVersionDate "2021.10.24"]
[SourceQuality "1"]

1. e4 e5 2. f4 exf4 3. Nf3 g5 4. h4 g4 5. Ne5 Nf6 6. Bc4 d5 7. exd5 Bd6 8. d4 0-0 9. Bxf4 Nh5 10. Be3 Ng3 11. Rg1 Qxh4 12. Bf2 f6 13. Qd3 Qg5 14. Nc3 fxe5 15. Bxg3 Bf5 16. Qd2 Qxd2+ 17. Kxd2 exd4 18. Ne2 Nd7 19. Bxd6 cxd6 20. Nxd4 Ne5 21. Bb3 a5 22. a4 Bg6 23. Raf1 h5 24. Nb5 Rad8 25. Kc3 Rc8+ 26. Kd4 Nf7 27. Rxf7 Bxf7 28. Nxd6 Rb8 29. Re1 Bg6 30. Re6 Kg7 31. Re7+ Kf6 32. Re6+ Kg5 33. Re5+ Kh6 34. Re2 Rf4+ 35. Kc5 g3 0-1

[Event "FICGS rapid B 000063 email"]
[Site "FICGS email"]
[Date "2007.08.14"]
[Round "1"]
[White "Gomez, Jose Vicente"]
[Black "Cruz, Danny"]
[Result "0-1"]
[WhiteElo "1600"]
[BlackElo "1600"]
[PlyCount "124"]
[EventDate "2007.??.??"]
[EventType "tourn (rapid)"]
[EventRounds "6"]
[SourceTitle "Corr 2022"]
[Source "ChessBase"]
[SourceDate "2021.10.24"]
[SourceVersion "1"]
[SourceVersionDate "2021.10.24"]
[SourceQuality "1"]

1. d4 d5 2. Nf3 Nf6 3. c4 dxc4 4. e3 e6 5. Bxc4 c5 6. 0-0 Nc6 7. a3 cxd4 8. exd4 Bd6 9. Nc3 0-0 10. Bg5 h6 11. Bxf6 Qxf6 12. Ne4 Qe7 13. Nxd6 Qxd6 14. Qd3 Ne7 15. Qe4 Bd7 16. Bd3 g6 17. Qxb7 Bc6 18. Qa6 Rfb8 19. Ne5 Rxb2 20. Rab1 Ra2 21. Nxc6 Qxc6 22. Qxc6 Nxc6 23. Be4 Rc8 24. d5 exd5 25. Bxd5 Rxa3 26. Rb7 Nd8 27. Rd7 Kf8 28. Re1 a5 29. Kf1 Rac3 30. Ra7 R3c5 31. Bb3 Rb8 32. Re3 Rcb5 33. Bc4 Rf5 34. Rb3 Rc8 35. Bd3 Rd5 36. Be4 Rd4 37. Bf3 Rc1+ 38. Ke2 Ne6 39. h4 Ra4 40. Kd2 Rc5 41. Rbb7 Rf5 42. h5 gxh5 43. Ke3 h4 44. Be4 Ra3+ 45. Ke2 Ra2+ 46. Ke3 Rfxf2 47. Bf3 Ng5 48. Bc6 Rae2+ 49. Kd3 Ne6 50. Rb6 Ra2 51. Be4 Ra3+ 52. Kc4 Rd2 53. Rb8+ Kg7 54. Rbb7 Rd4+ 55. Kb5 Rb4+ 56. Kc6 Nd8+ 57. Kc7 Nxb7 58. Bxb7 Re3 59. Kd6 Re6+ 60. Kd7 a4 61. Bd5 Rd4 62. Kc8 Re8+ 0-1

[Event "FICGS class C 000052 email"]
[Site "FICGS email"]
[Date "2007.07.27"]
[Round "1"]
[White "Pech, Jaroslav Sr"]
[Black "Gomez, Jose Vicente"]
[Result "0-1"]
[WhiteElo "1615"]
[BlackElo "1600"]
[PlyCount "58"]
[EventDate "2007.??.??"]
[EventType "tourn (corr)"]
[EventRounds "4"]
[SourceTitle "Corr 2022"]
[Source "ChessBase"]
[SourceDate "2021.10.24"]
[SourceVersion "1"]
[SourceVersionDate "2021.10.24"]
[SourceQuality "1"]

1. d4 d5 2. c4 c6 3. Nf3 Nf6 4. Nc3 e6 5. e3 Nbd7 6. Bd3 dxc4 7. Bxc4 b5 8. Bd3 Bb7 9. 0-0 a6 10. e4 c5 11. d5 Qc7 12. dxe6 fxe6 13. Bc2 Bd6 14. Ng5 Bxh2+ 15. Kh1 Ke7 16. f4 Bg3 17. Ne2 Nh5 18. Qd3 Bh4 19. Nxe6 Kxe6 20. Qh3+ Kf7 21. Qxh4 Nhf6 22. e5 Rhe8 23. Ng3 Nxe5 24. fxe5 Qxe5 25. Bg5 Qxb2 26. Rxf6+ gxf6 27. Qxh7+ Ke6 28. Re1+ Kd6 29. Bf4+ Qe5 0-1

[Event "FICGS rapid B 000060 email"]
[Site "FICGS email"]
[Date "2007.07.25"]
[Round "1"]
[White "Wu, Sheng"]
[Black "Gomez, Jose Vicente"]
[Result "0-1"]
[WhiteElo "1600"]
[BlackElo "1600"]
[PlyCount "74"]
[EventDate "2007.??.??"]
[EventType "tourn (rapid)"]
[EventRounds "6"]
[SourceTitle "Corr 2022"]
[Source "ChessBase"]
[SourceDate "2021.10.24"]
[SourceVersion "1"]
[SourceVersionDate "2021.10.24"]
[SourceQuality "1"]

1. e4 c5 2. Nf3 Nc6 3. d4 cxd4 4. Nxd4 Nf6 5. Nc3 e5 6. Ndb5 Bb4 7. a3 Bxc3+ 8. Nxc3 d6 9. Be2 0-0 10. Be3 Be6 11. 0-0 d5 12. exd5 Nxd5 13. Nxd5 Qxd5 14. Qxd5 Bxd5 15. Rad1 Rad8 16. Rd2 Be4 17. Rfd1 Rxd2 18. Rxd2 Rd8 19. Rxd8+ Nxd8 20. Bxa7 Bxc2 21. Bc4 Nc6 22. Bb6 Kf8 23. f3 Ke7 24. Kf2 Bf5 25. b4 Be6 26. Bd3 f5 27. b5 Nb8 28. Bc5+ Kf7 29. a4 Nd7 30. Bd6 b6 31. Bb4 g6 32. a5 bxa5 33. Bxa5 Bd5 34. Bc7 Ke6 35. b6 Nc5 36. Bb5 Bb7 37. Ke3 Kd5 0-1

[Event "FICGS class C 000051 email"]
[Site "FICGS email"]
[Date "2007.07.22"]
[Round "1"]
[White "Deline, Ralph"]
[Black "Gomez, Jose Vicente"]
[Result "1/2-1/2"]
[WhiteElo "1822"]
[BlackElo "1600"]
[PlyCount "167"]
[EventDate "2007.??.??"]
[EventType "tourn (corr)"]
[EventRounds "4"]
[SourceTitle "Corr 2022"]
[Source "ChessBase"]
[SourceDate "2021.10.24"]
[SourceVersion "1"]
[SourceVersionDate "2021.10.24"]
[SourceQuality "1"]

1. d4 Nf6 2. c4 e6 3. Nc3 Bb4 4. e3 0-0 5. Bd3 d5 6. Nf3 b6 7. Bd2 Bb7 8. cxd5 exd5 9. 0-0 Bd6 10. Qc2 a6 11. e4 dxe4 12. Nxe4 Nxe4 13. Bxe4 Bxe4 14. Qxe4 Nd7 15. Bg5 Qe8 16. Qc6 Nf6 17. Qxe8 Nxe8 18. Rfe1 f6 19. Bd2 f5 20. Nh4 g6 21. Bh6 Ng7 22. Nf3 Rfe8 23. Kf1 Re4 24. Bxg7 Rxe1+ 25. Rxe1 Kxg7 26. h3 Kf6 27. Ne5 g5 28. Nc6 g4 29. d5 gxh3 30. gxh3 Rg8 31. Re6+ Kg5 32. Nd4 Rg6 33. Re1 f4 34. Nf3+ Kf6 35. Re4 Rh6 36. Re6+ Kg7 37. Rxh6 Kxh6 38. Ke2 Bc5 39. Ne5 b5 40. Kf3 Kg5 41. Ke4 Bxf2 42. Nf3+ Kf6 43. Kxf4 Bc5 44. a3 Bf8 45. Ke4 Bh6 46. Ne5 Ke7 47. Nc6+ Kd6 48. b3 Bg7 49. a4 Kc5 50. Nb8 Kb6 51. Kf5 Bc3 52. h4 h6 53. h5 Bd2 54. Nd7+ Ka5 55. Nc5 Bb4 56. Ne6 Kb6 57. Kg6 Bd2 58. Kg7 Bc1 59. Kf7 Bd2 60. Ke7 Be1 61. Kf7 Bc3 62. Kg6 Bd2 63. axb5 axb5 64. Kf7 Be3 65. Ke8 Bf2 66. Kf7 Be1 67. Nf4 Bd2 68. Nd3 Ka5 69. Ke6 Bc3 70. Kd7 Kb6 71. Kc8 Bf6 72. b4 Bd4 73. Kb8 Be3 74. Ne5 Bf4 75. Nc6 Bd2 76. Kc8 Be1 77. Kd7 Bc3 78. Ke6 Bd2 79. Kf5 Be3 80. Ke6 Bf4 81. Ke7 Be3 82. Ke6 Bf4 83. Ke7 Be3 84. Ke6 1/2-1/2

[Event "FICGS class C 000051 email"]
[Site "FICGS email"]
[Date "2007.07.22"]
[Round "1"]
[White "Gomez, Jose Vicente"]
[Black "Perevozchikov, Vjacheslav"]
[Result "0-1"]
[WhiteElo "1600"]
[BlackElo "1600"]
[PlyCount "128"]
[EventDate "2007.??.??"]
[EventType "tourn (corr)"]
[EventRounds "4"]
[SourceTitle "Corr 2022"]
[Source "ChessBase"]
[SourceDate "2021.10.24"]
[SourceVersion "1"]
[SourceVersionDate "2021.10.24"]
[SourceQuality "1"]

1. Nf3 Nf6 2. d4 d5 3. c4 c6 4. Nc3 dxc4 5. a4 Bf5 6. Ne5 Nbd7 7. Nxc4 Qc7 8. g3 e5 9. dxe5 Nxe5 10. Bf4 Nfd7 11. Bg2 g5 12. Ne3 gxf4 13. Nxf5 0-0-0 14. Qc2 Ng6 15. 0-0 fxg3 16. hxg3 h5 17. b4 Bxb4 18. Rab1 a5 19. Rbc1 Nc5 20. Ne4 Ne6 21. Rcd1 Rxd1 22. Rxd1 h4 23. e3 hxg3 24. Nexg3 Kb8 25. Qb2 Qe5 26. Qxe5+ Nxe5 27. Ne4 Kc7 28. Kf1 Nd7 29. Nfd6 f6 30. Nc4 Nec5 31. Nb2 Nxe4 32. Bxe4 Rh4 33. Bc2 b5 34. axb5 cxb5 35. Ke2 Nc5 36. Bf5 Ne4 37. Rc1+ Kb6 38. Nd3 Nc3+ 39. Kf3 Rc4 40. Be6 Rc6 41. Nxb4 Rxe6 42. Rxc3 axb4 43. Rc1 b3 44. Rb1 b4 45. Ke2 Kb5 46. Rxb3 Ka4 47. Rd3 b3 48. Rd8 Ra6 49. Kd2 Ka3 50. Kc3 Rc6+ 51. Kd2 Ka2 52. Ra8+ Kb1 53. Rb8 b2 54. f4 Ra6 55. e4 Ka1 56. Kc2 Ra2 57. Rxb2 Rxb2+ 58. Kc3 Rf2 59. f5 Kb1 60. Kd3 Rf3+ 61. Kd4 Kc2 62. Kd5 Kd3 63. e5 Rxf5 64. Ke6 Rxe5+ 0-1

[Event "FICGS class C 000050 email"]
[Site "FICGS email"]
[Date "2007.07.14"]
[Round "1"]
[White "Gomez, Jose Vicente"]
[Black "Johnston, Jim"]
[Result "1-0"]
[WhiteElo "1600"]
[BlackElo "1627"]
[PlyCount "77"]
[EventDate "2007.??.??"]
[EventType "tourn (corr)"]
[EventRounds "4"]
[SourceTitle "Corr 2022"]
[Source "ChessBase"]
[SourceDate "2021.10.24"]
[SourceVersion "1"]
[SourceVersionDate "2021.10.24"]
[SourceQuality "1"]

1. d4 e6 2. e4 d5 3. e5 c5 4. c3 Nc6 5. Nf3 Bd7 6. Be2 cxd4 7. cxd4 Nge7 8. 0-0 Nf5 9. Nc3 a6 10. Bd3 Nfxd4 11. Nxd4 Nxd4 12. Bf4 Nc6 13. Rc1 Be7 14. Qg4 g6 15. Rfd1 g5 16. Be3 Nxe5 17. Qd4 Bf6 18. Qb4 Be7 19. Qd4 Bf6 20. Qb4 Bc6 21. Be2 a5 22. Qb3 Qe7 23. Nb5 a4 24. Qc2 Qd7 25. Nc3 Bg7 26. Ne4 Qc7 27. Nxg5 h6 28. Nf3 Ng4 29. Bc5 Qf4 30. g3 Qf6 31. Bd4 e5 32. Nxe5 Nxe5 33. f4 Qg6 34. fxe5 Qe6 35. Bd3 0-0 36. Bh7+ Kh8 37. Bf5 Qe8 38. Qd2 Bd7 39. e6 1-0

[Event "FICGS W-ch st1 g07 email"]
[Site "FICGS email"]
[Date "2007.07.11"]
[Round "1"]
[White "Gomez, Jose Vicente"]
[Black "Hensen, Erik"]
[Result "0-1"]
[WhiteElo "1600"]
[BlackElo "2103"]
[PlyCount "136"]
[EventDate "2007.??.??"]
[EventType "tourn (corr)"]
[EventRounds "8"]
[SourceTitle "Corr 2022"]
[Source "ChessBase"]
[SourceDate "2021.10.24"]
[SourceVersion "1"]
[SourceVersionDate "2021.10.24"]
[SourceQuality "1"]

1. Nf3 d5 2. d4 Nf6 3. Bg5 e6 4. e3 c5 5. c3 Be7 6. Nbd2 Nbd7 7. Bd3 b6 8. 0-0 Bb7 9. a4 0-0 10. Qc2 h6 11. Bh4 c4 12. Be2 Rc8 13. Bg3 Nh5 14. Ng5 Bxg5 15. Bxh5 Be7 16. Bf3 Nf6 17. Rfd1 Bd6 18. Bxd6 Qxd6 19. g3 Qc7 20. Bg2 Rfe8 21. Nf3 Nd7 22. Ra3 Qd6 23. Rd2 Rc7 24. Ra1 Bc6 25. h3 a6 26. Ra3 Rb7 27. Rd1 Rc7 28. Qe2 a5 29. Raa1 Qe7 30. Nh4 Qd6 31. Qc2 Rb8 32. Nf3 Bb7 33. Rab1 Re8 34. Rd2 Rb8 35. Kh1 Bc6 36. Re1 b5 37. axb5 Rxb5 38. Ra1 Rcb7 39. Ra2 a4 40. Re2 a3 41. bxa3 Nb6 42. Kh2 Rb3 43. Qc1 Na4 44. Rec2 Rb1 45. Qd2 R7b3 46. Ne5 f6 47. Nxc6 Qxc6 48. e4 dxe4 49. Qe3 f5 50. f3 exf3 51. Bxf3 Qd6 52. Bg2 Rd1 53. d5 exd5 54. Qe8+ Kh7 55. Qxa4 f4 56. Bf3 Rf1 57. Be4+ dxe4 58. Qxc4 Rbb1 59. Qxe4+ g6 60. Rd2 fxg3+ 61. Kg2 Rg1+ 62. Kf3 Qf6+ 63. Ke3 Qxc3+ 64. Kf4 Rbf1+ 65. Rf2 Rxf2+ 66. Rxf2 gxf2 67. Qb7+ Qg7 68. Qxg7+ Kxg7 0-1

[Event "FICGS W-ch st1 g07 email"]
[Site "FICGS email"]
[Date "2007.07.11"]
[Round "1"]
[White "Gomez, Jose Vicente"]
[Black "Sharland, Michael"]
[Result "0-1"]
[WhiteElo "1600"]
[BlackElo "1835"]
[PlyCount "128"]
[EventDate "2007.??.??"]
[EventType "tourn (corr)"]
[EventRounds "8"]
[SourceTitle "Corr 2022"]
[Source "ChessBase"]
[SourceDate "2021.10.24"]
[SourceVersion "1"]
[SourceVersionDate "2021.10.24"]
[SourceQuality "1"]

1. Nf3 Nf6 2. d4 e6 3. Bg5 h6 4. Bh4 b6 5. c4 Be7 6. Nc3 Bb7 7. e3 0-0 8. Bd3 c5 9. 0-0 Nc6 10. Bxf6 Bxf6 11. Be4 Rc8 12. Qa4 cxd4 13. exd4 a6 14. Rfc1 b5 15. cxb5 axb5 16. Nxb5 Nxd4 17. Rxc8 Nxf3+ 18. Bxf3 Qxc8 19. Nd6 Qa8 20. Qxa8 Bxa8 21. Rb1 Bxf3 22. gxf3 Ra8 23. a3 Kf8 24. Ne4 Bd4 25. Nd6 Be5 26. Nc4 Bc7 27. Re1 d5 28. Ne3 Rc8 29. Kg2 d4 30. Nf1 Bf4 31. b4 d3 32. Rd1 Rc3 33. a4 Ke7 34. a5 Rb3 35. Ng3 g6 36. Ne4 Rxb4 37. Nc5 Bd6 38. Ne4 Rb3 39. Nxd6 Kxd6 40. Ra1 Kc7 41. f4 d2 42. a6 Ra3 43. Rd1 Rd3 44. Kf1 Rd4 45. Ke2 Kb6 46. Rxd2 Rxd2+ 47. Kxd2 Kxa6 48. Kd3 Kb6 49. Ke4 f6 50. Kd4 Kc6 51. Ke4 Kd6 52. h4 Kc5 53. Kd3 Kd5 54. Ke3 e5 55. h5 gxh5 56. fxe5 Kxe5 57. Kf3 f5 58. Kg2 Kf4 59. Kh3 Kf3 60. Kh4 Kxf2 61. Kxh5 Kf3 62. Kxh6 f4 63. Kg5 Ke3 64. Kf5 f3 0-1

[Event "FICGS W-ch st1 g07 email"]
[Site "FICGS email"]
[Date "2007.07.11"]
[Round "1"]
[White "Vidanovic, Djordje"]
[Black "Gomez, Jose Vicente"]
[Result "1-0"]
[WhiteElo "1994"]
[BlackElo "1600"]
[PlyCount "105"]
[EventDate "2007.??.??"]
[EventType "tourn (corr)"]
[EventRounds "8"]
[SourceTitle "Corr 2022"]
[Source "ChessBase"]
[SourceDate "2021.10.24"]
[SourceVersion "1"]
[SourceVersionDate "2021.10.24"]
[SourceQuality "1"]

1. e4 e5 2. Bc4 Nf6 3. d3 c6 4. Nf3 d5 5. exd5 cxd5 6. Bb3 Nc6 7. 0-0 Bb4 8. a3 Be7 9. Re1 0-0 10. Bg5 h6 11. Bxf6 Bxf6 12. Nbd2 Bg4 13. c4 Qb6 14. cxd5 Nd4 15. Bc4 Rfe8 16. h3 Bh5 17. g4 Bg6 18. Rb1 Nxf3+ 19. Qxf3 Bg5 20. Ne4 Bf4 21. b4 Rac8 22. Re2 Red8 23. Rc2 Rc7 24. Qe2 Rcd7 25. Ba2 Ra8 26. Rc5 Qd8 27. Kg2 Qh4 28. Bc4 Rad8 29. Qf3 a6 30. Re1 f5 31. Ng3 fxg4 32. hxg4 Rf8 33. Rh1 Qd8 34. Ne4 Bc1 35. Qg3 Bxa3 36. d6+ Kh7 37. Qxe5 Bxe4+ 38. Qxe4+ Kh8 39. d4 Qf6 40. f3 Rxd6 41. Bd3 Qg6 42. Qxg6 Rxg6 43. Bxg6 Bxb4 44. Rc7 b5 45. Rc6 a5 46. Rh5 Kg8 47. Rxb5 Rd8 48. d5 Kf8 49. Rxb4 axb4 50. Re6 h5 51. d6 Ra8 52. d7 Ra2+ 53. Kg3 1-0

[Event "FICGS class C 000047 email"]
[Site "FICGS email"]
[Date "2007.06.16"]
[Round "1"]
[White "Gomez, Jose Vicente"]
[Black "Sarihan, Mustafa"]
[Result "1-0"]
[WhiteElo "1600"]
[BlackElo "1624"]
[PlyCount "53"]
[EventDate "2007.??.??"]
[EventType "tourn (corr)"]
[EventRounds "4"]
[SourceTitle "Corr 2022"]
[Source "ChessBase"]
[SourceDate "2021.10.24"]
[SourceVersion "1"]
[SourceVersionDate "2021.10.24"]
[SourceQuality "1"]

1. e4 e5 2. Nc3 Nf6 3. Nf3 Nc6 4. Bb5 Bb4 5. 0-0 0-0 6. d3 d6 7. Bg5 Bxc3 8. bxc3 h6 9. Bh4 Be6 10. Qd2 Rb8 11. Rfb1 Qe7 12. Qe3 Bd7 13. Nd2 a6 14. Bxc6 Bxc6 15. f4 Rbe8 16. c4 exf4 17. Qe2 g5 18. Bf2 Qd7 19. Bd4 Ng4 20. h3 Ne5 21. Bc3 f5 22. d4 f3 23. Qf2 Ng6 24. d5 Ba4 25. Qxf3 fxe4 26. Qe3 b6 27. Rc1 1-0